000 00281nam a22001337a 4500
008 170629b xxu||||| |||| 00| 0 eng d
020 _a9780072512908
041 _aeng
080 _22ND
_a82
100 _a22
101 _aGJL
245 _aWAYS IN
_cMULLER,G,H
942 _2udc
_cBK
999 _c19626
_d19626